02633nam a2200541Ia 4500001000400000008004100004010000800045041001400053082001400067245029500081260001800376300000800394520000600402630001600408630001600424630001500440630002300455650002200478690001600500700003300516700003300549901004200582902000600624903004100630904001800671905002700689906000600716907001400722908001400736909004500750910001500795911001000810912001400820913000900834914002900843915001900872916000900891917000900900918001400909919002700923520108400950921000702034922000702041923000602048924001402054942001002068999001302078730241029s9999 xx 000 0 und d a658 aEspañol aNO APLICA 0aEstrategias de enseñanza didáctica aplicadas en el área del aprendizaje de las Ciencias Sociales del Nivel Medio en las Escuelas y Liceos Cristina Billini Morales, San Valero, Aragón, Fundación Trópico y Gregorio Luperón, en los Guaricanos, Villa Mella, enero-septiembre 2013. aSanto Domingo a127 a6 aAprendizaje aEnseñanza aEstrategia aEstrategia Docente aCiencias Sociales aSintetizado easesoraGuzmán, Fiordaliza eautora Zabala Zayas, Dermis a{"1":" Zabala Zayas"}b{"1":"Dermis"} a1 a{"1":"Guzmán"}b{"1":"Fiordaliza"} aMagíster en aDocencia Universitaria a2 aNO APLICA aNO APLICA aUniversidad Adventista Dominicana (UNAD) aNULLbNULL a["1"] aNO APLICA aNULL a01 de Septiembre de 2013 a21/12/19 10:12 aNULL aNULL aNO APLICA a["18","202","92","94"] aEsta investigación busca determinar las estrategias de enseñanza didáctica aplicadas en el aprendizaje de las Ciencias Sociales en las escuelas y liceos Aragón, Trópico, San Valero, Cristina Billini Morales y Gregorio Luperón.Las preguntas de investigación son: ¿Cuál es la estructura fundamental del programa de Ciencias Sociales? ¿Cuáles son los recursos didácticos para impartirlas? ¿Cuáles aspectos se consideran para ofrecer aprendizajes significativos de Ciencias Sociales? ¿Cuáles estrategias emplean los docentes en esta área? y ¿Cumplen los docentes con el programa de planificación establecido? Se aplicó un cuestionario a 17 docentes del Nivel Medio. Los maestros toman en cuenta las actividades sugeridas de las propuestas de las Ciencias Sociales. Las escuelas cuentan con los recursos necesarios para la enseñanza-aprendizaje de las mismas.Los docentes aplican diferentes estrategias en el proceso; entre las más utilizadas están: debates, uso de mapas, investigación, mapa conceptual, preguntas dirigidas y exposiciones. a28 a28 a0 aNO APLICA cTesis c658d658